00420nam a2200145Ia 4500008004100000041000900041082001700050100001500067245002700082260003800109300000800147650000800155999001700163952009400180230718s9999 xx 000 0 und d aEng. a34401bKHA-L aKhan, A.K  0aLabour Lawsin Pakistan aPakistanbManzoor Law book c2012 a717 aLaw c28085d28085 00104070aSIRC-LbSIRC-Ld2023-07-18l0o34401 KHA-Lp23037r2023-07-18w2023-07-18yBK